Central Library OPAC University of Rajshahi

The yellow sand hills : (Record no. 25135)

MARC details
000 -LEADER
fixed length control field 00765cam a2200241 i 4500
001 - CONTROL NUMBER
control field 25135
003 - CONTROL NUMBER IDENTIFIER
rucl marc code BD-RjUL
005 - DATE AND TIME OF LATEST TRANSACTION
control field 20211209050833.0
008 - FIXED-LENGTH DATA ELEMENTS--GENERAL INFORMATION
fixed length control field 140316s1974 bg af 000 0 eng
035 ## - SYSTEM CONTROL NUMBER
System control number (BD-RjUL)25204
040 ## - CATALOGING SOURCE
Original cataloging agency DLC
Transcribing agency DLC
Modifying agency DLC
-- BD-RjUL
Language of cataloging eng
041 ## - LANGUAGE CODE
Language code of text/sound track or separate title eng
082 00 - DEWEY DECIMAL CLASSIFICATION NUMBER
Classification number 951
Author mark and year KHY
100 2# - MAIN ENTRY--PERSONAL NAME
Personal name Obaidullah Khan, A. Z. M.
9 (RLIN) 77338
245 14 - TITLE STATEMENT
Title The yellow sand hills :
Remainder of title China through Chinese eyes /
Statement of responsibility, etc. A. Z. M. Obaidullah Khan.
260 ## - PUBLICATION, DISTRIBUTION, ETC. (IMPRINT)
Place of publication, distribution, etc. Comilla :
Name of publisher, distributor, etc. Bangladesh Academy for Rural Development,
Date of publication, distribution, etc. 1974.
300 ## - PHYSICAL DESCRIPTION
Pagination 6, 234 p., [2] leaves of plates :
Illustrations ill. ;
Size 22 cm.
650 #0 - SUBJECT ADDED ENTRY--TOPICAL TERM
Topical term or geographic name as entry element Communes (China)
9 (RLIN) 11098
651 #0 - SUBJECT ADDED ENTRY--GEOGRAPHIC NAME
Geographic name China
General subdivision Social conditions
Chronological subdivision 1949-1976.
9 (RLIN) 77339
942 ## - ADDED ENTRY ELEMENTS (KOHA)
Source of classification or shelving scheme Dewey Decimal Classification
Koha item type Books
Holdings
Lost status Source of classification or shelving scheme Damaged status Not for loan Collection code Permanent Location Current Location Shelving location Date acquired Source of acquisition Cost, normal purchase price Total Checkouts Full call number Date last seen Copy number Koha item type
  Dewey Decimal Classification   Added to bundle Non-fiction Central Library, University of Rajshahi Central Library, University of Rajshahi Reading Room 17/06/1982 Aligrah Lib. Dhaka. 30.00   951 KHY 1974 16/03/2014 C-1 Books
  Dewey Decimal Classification     Non-fiction Central Library, University of Rajshahi Central Library, University of Rajshahi   17/06/1982 Aligrah Lib. Dhaka. 30.00   951 KHY 1975 18/03/2014 C-3 Books
  Dewey Decimal Classification     Non-fiction Central Library, University of Rajshahi Central Library, University of Rajshahi   17/06/1982 Aligrah Lib. Dhaka. 30.00   951 KHY 1974 18/03/2014 C-5 Books